000 00441nam a22001697a 4500
003 SGT
020 _a0070474362
082 _a614.542
_bT02R
100 _aREICHMAN, LEE. B
245 _aTIMEBOMB LMALTI - DRUG - RESISTANT TUBER CULOSIS
250 _a4TH
260 _aNEW DELHI
_bTATA MEGRAW HILL
_c2002
300 _a761
650 _aTIMEBOMB LMALTI - DRUG - RESISTANT
653 _a DRUG - RESISTANT TUBER CULOSIS
942 _2ddc
_cBK
999 _c23848
_d23848